Определение критических параметров селективных процессов переработки технологических растворов; Физико-технические проблемы в науке, промышленности и медицине

Detaylı Bibliyografya
Parent link:Физико-технические проблемы в науке, промышленности и медицине.— 2025.— С. 106-107
Yazar: Попов П. А.
Diğer Yazarlar: Дорофеева Л. И. Людмила Ивановна, Вергун А. П. Анатолий Павлович
Özet:Текстовый файл
Dil:Rusça
Baskı/Yayın Bilgisi: 2025
Konular:
Online Erişim:http://earchive.tpu.ru/handle/11683/133347
Materyal Türü: MixedMaterials Elektronik Kitap Bölümü
KOHA link:https://koha.lib.tpu.ru/cgi-bin/koha/opac-detail.pl?biblionumber=683203

MARC

LEADER 00000naa2a2200000 4500
001 683203
005 20251202131128.0
090 |a 683203 
100 |a 20251118d2025 k||y0rusy50 ca 
101 0 |a rus 
102 |a RU 
135 |a drcn ---uucaa 
200 1 |a Определение критических параметров селективных процессов переработки технологических растворов  |f П. А. Попов, Л. И. Дорофеева, А. П. Вергун 
320 |a Список литературы: 3 назв 
336 |a Текстовый файл 
463 1 |0 682852  |9 682852  |t Физико-технические проблемы в науке, промышленности и медицине  |o сборник тезисов докладов XII Международной научно-практической конференции, г. Томск, 10–12 сентября 2025 г.  |c Томск  |d 2025  |n Изд-во ТПУ  |u conference_tpu-2025-C49.pdf  |v С. 106-107 
545 1 |a Инновационные технологии и материалы 
610 1 |a труды учёных ТПУ 
610 1 |a электронный ресурс 
610 1 |a транспорт ионов 
610 1 |a поляризация мембран 
610 1 |a селективное извлечение 
700 1 |a Попов  |b П. А. 
701 1 |a Дорофеева  |b Л. И.  |c физик  |c доцент Томского политехнического университета, кандидат физико-математических наук  |f 1969-  |g Людмила Ивановна  |9 12475 
701 1 |a Вергун  |b А. П.  |c физик  |c профессор Томского политехнического университета, доктор физико-математических наук  |f 1938-  |g Анатолий Павлович  |9 9271 
801 0 |a RU  |b 63413507  |c 20251118 
850 |a 63413507 
856 4 |u http://earchive.tpu.ru/handle/11683/133347  |z http://earchive.tpu.ru/handle/11683/133347 
942 |c CF